000 00270nam a2200097Ia 4500
008 120527s9999 xx 000 0 und d
100 _aOdeyemi,J.O
245 _aWorked examples and problems in pure and applied mathematics.
260 _bHeineman Educational
942 _cBK
999 _c22255
_d22255